| 000 | 01038cam a22002291 4500 | ||
|---|---|---|---|
| 082 |
_a620.110287 _bGIL _cL-21, P-16 |
||
| 100 | 1 |
_aGilkey, Herbert James, _940743 |
|
| 245 | 1 | 0 |
_aMaterials testing; _btheory, practice and significance of physical tests on engineering materials, _cby Herbert J. Gilkey ... Glenn Murphy ... [and] Elmer O. Bergman ... |
| 250 | _a1st ed. | ||
| 260 |
_aNew York, _aLondon, _bMcGraw-Hill Book Company, inc., _c1941. |
||
| 300 |
_axv, 185 p. incl. illus., tables, diagrs., forms. _c29 x 23 cm. |
||
| 500 | _aAn earlier edition of a few copies, distributed among selected co-workers in the field, was published, 1939, under title: A manual of materials testing. | ||
| 526 |
_a0 _b0 _c0 _d620_110287000000000_GIL |
||
| 526 |
_a0 _b0 _c0 _d620_110287000000000_GIL |
||
| 650 | 0 |
_aEngineering _xLaboratory manuals. _940744 |
|
| 650 | 0 |
_aMCE _9379 |
|
| 650 | 0 |
_aStrength of materials. _9563 |
|
| 650 | 0 |
_aTesting. _940531 |
|
| 700 | 1 |
_aBergman, Elmer Otto, _940745 |
|
| 700 | 1 |
_aMurphy, Glenn, _940746 |
|
| 942 |
_2ddc _cBK |
||
| 999 |
_c544996 _d544996 |
||